[Event "WC-2015-Q-00008"]
[Site "LSS email"]
[Date "2015.09.08"]
[Round "?"]
[White "Van Seben, Edgar"]
[Black "Sarakenidis, Nikolaos"]
[Result "1/2-1/2"]
[WhiteElo "2501"]
[BlackElo "2380"]
[PlyCount "129"]
[EventDate "2015.09.15"]
[EventType "tourn (corr)"]
[EventRounds "12"]
[EventCountry "GER"]
[SourceTitle "Corr 2022"]
[Source "ChessBase"]
[SourceDate "2021.10.24"]
[SourceVersion "1"]
[SourceVersionDate "2021.10.24"]
[SourceQuality "1"]

1. d4 Nf6 2. c4 g6 3. Nc3 d5 4. cxd5 Nxd5 5. e4 Nxc3 6. bxc3 Bg7 7. Nf3 c5 8. Rb1 0-0 9. Be2 cxd4 10. cxd4 Qa5+ 11. Bd2 Qxa2 12. 0-0 Bg4 13. Bg5 h6 14. Be3 Nc6 15. d5 Na5 16. Bc5 b6 17. Bxe7 Rfe8 18. d6 Nc6 19. Bb5 Nxe7 20. h3 Bxf3 21. Qxf3 Rec8 22. dxe7 Qe6 23. e8Q+ Rxe8 24. Bxe8 Rxe8 25. Qa3 Re7 26. Rfe1 h5 27. Rbd1 Be5 28. h4 Rc7 29. Re3 Bf6 30. Rd6 Qe5 31. Rd5 Qe6 32. g3 Be7 33. Qa4 a5 34. Kh2 Kg7 35. Red3 Qf6 36. Kg2 Bc5 37. Rd2 Bb4 38. R2d3 Bc5 39. Rf3 Qe7 40. Qa1+ Kh7 41. e5 Qe8 42. Qd1 Kg7 43. Qd2 a4 44. Rd8 Qxe5 45. Rd7 Rxd7 46. Qxd7 Qe6 47. Qxa4 Qd5 48. Qb3 Qxb3 49. Rxb3 Kf6 50. Kf1 Ke5 51. Ke2 Kf5 52. Rb1 Ke6 53. Ra1 Kd6 54. f3 Ke6 55. g4 hxg4 56. fxg4 Kf6 57. Ra7 Bd6 58. Kf3 Bc5 59. Rb7 Bd4 60. Rc7 Bc5 61. Rc6+ Kg7 62. g5 Bd4 63. Rd6 Bc5 64. Rd7 Bb4 65. Kg4 1/2-1/2

[Event "WC-2015-Q-00008"]
[Site "LSS email"]
[Date "2015.09.08"]
[Round "?"]
[White "Van Seben, Edgar"]
[Black "Simmelink, Joop Theo"]
[Result "1/2-1/2"]
[WhiteElo "2501"]
[BlackElo "2469"]
[PlyCount "140"]
[EventDate "2015.09.15"]
[EventType "tourn (corr)"]
[EventRounds "12"]
[EventCountry "GER"]
[SourceTitle "Corr 2022"]
[Source "ChessBase"]
[SourceDate "2021.10.24"]
[SourceVersion "1"]
[SourceVersionDate "2021.10.24"]
[SourceQuality "1"]

1. d4 d5 2. c4 c6 3. Nf3 Nf6 4. e3 e6 5. Bd3 Nbd7 6. b3 Bd6 7. Bb2 0-0 8. 0-0 Ne4 9. Qc2 f5 10. Ba3 c5 11. cxd5 exd5 12. dxc5 Ndxc5 13. Nc3 Nxc3 14. Qxc3 b6 15. Rad1 Bb7 16. Nd4 Qd7 17. g3 Rac8 18. Bb2 Na4 19. Qd2 Nxb2 20. Qxb2 g6 21. Qe2 a5 22. Bb5 Qf7 23. Ba6 Bxa6 24. Qxa6 Bc5 25. h4 Rfe8 26. Rd2 Qc7 27. Nc2 Rcd8 28. Rfd1 Qc6 29. Nd4 Bxd4 30. Rxd4 Re4 31. Qd3 Rxd4 32. Qxd4 Kf7 33. Qd2 Qd6 34. Qd3 Qc6 35. Rd2 Qd6 36. Rc2 d4 37. Rd2 Qd5 38. Rd1 Rd7 39. exd4 f4 40. gxf4 Qh5 41. d5 Rd6 42. Kf1 b5 43. Rd2 b4 44. Kg2 Qxh4 45. Qf3 Qf6 46. Qe4 Qe7 47. Qe5 Qf6 48. Kf3 Qe7 49. Ke4 Rd8 50. Rc2 Re8 51. Qxe7+ Kxe7 52. Rc5 Kd7+ 53. Kd4 a4 54. bxa4 Re2 55. Rb5 Rxf2 56. Kc5 Rc2+ 57. Kd4 Rd2+ 58. Kc4 Rxa2 59. Rxb4 h5 60. Rb7+ Kd6 61. Rb6+ Kd7 62. Kd4 Rxa4+ 63. Ke5 Ra1 64. Rxg6 Re1+ 65. Kf6 h4 66. Rh6 Rh1 67. Ke5 Re1+ 68. Kf5 Rd1 69. Rxh4 Rxd5+ 70. Kg6 Rd6+ 1/2-1/2

[Event "WC-2015-Q-00008"]
[Site "LSS email"]
[Date "2015.09.08"]
[Round "?"]
[White "Van Seben, Edgar"]
[Black "Tomak, Alexander"]
[Result "1/2-1/2"]
[WhiteElo "2501"]
[BlackElo "2097"]
[PlyCount "65"]
[EventDate "2015.09.15"]
[EventType "tourn (corr)"]
[EventRounds "12"]
[EventCountry "GER"]
[SourceTitle "Corr 2022"]
[Source "ChessBase"]
[SourceDate "2021.10.24"]
[SourceVersion "1"]
[SourceVersionDate "2021.10.24"]
[SourceQuality "1"]

1. d4 d5 2. c4 dxc4 3. Nf3 Nf6 4. e3 e6 5. Bxc4 c5 6. 0-0 a6 7. dxc5 Qxd1 8. Rxd1 Bxc5 9. Nfd2 0-0 10. Nb3 Be7 11. Be2 b5 12. a4 bxa4 13. Rxa4 Nc6 14. Rc4 Ne5 15. Rc2 Rb8 16. Nd4 Bb7 17. Nc3 Rbc8 18. Bd2 Rfd8 19. Rdc1 Nc6 20. Nxc6 Rxc6 21. f3 Rdc8 22. e4 Nd7 23. Be3 f6 24. Kf2 Kf7 25. g3 g6 26. Rd2 Nb6 27. f4 Nc4 28. Rd7 Ba8 29. Nd5 exd5 30. exd5 Rd6 31. Rxc4 Rxc4 32. Rxd6 Rc2 33. Rxa6 1/2-1/2

[Event "WC-2015-S-00006"]
[Site "LSS email"]
[Date "2015.06.02"]
[Round "?"]
[White "Van Seben, Edgar"]
[Black "Zidu, Jan"]
[Result "1/2-1/2"]
[WhiteElo "2489"]
[BlackElo "2395"]
[PlyCount "44"]
[EventDate "2015.06.10"]
[EventType "tourn (corr)"]
[EventRounds "12"]
[EventCountry "GER"]
[SourceTitle "Corr 2022"]
[Source "ChessBase"]
[SourceDate "2021.10.24"]
[SourceVersion "1"]
[SourceVersionDate "2021.10.24"]
[SourceQuality "1"]

1. d4 d5 2. c4 dxc4 3. Nf3 Nf6 4. e3 e6 5. Bxc4 c5 6. 0-0 a6 7. Bb3 cxd4 8. exd4 Nc6 9. Nc3 Be7 10. Bg5 0-0 11. Qd2 Na5 12. Bc2 b5 13. Qf4 Bb7 14. Rad1 g6 15. Bxf6 Bxf6 16. Be4 Bxe4 17. Nxe4 Bg7 18. h4 h5 19. Rc1 Nc4 20. b3 Nb6 21. Qd2 Nd5 22. Rc5 Ra7 1/2-1/2